000 00388nam a2200133Ia 4500
008 220216s9999 xx 000 0 und d
100 _aEhrhardt D
245 0 _aMeteorological parameters and their effect on the weathering of rubber
260 _bInternational Polymer Science and Technology
_c1998
300 _a955-964
500 _aSource Year: 1998
856 _uIRRDB
942 _cJS
999 _c62847
_d62847